000 01435nam0a22002531 4500
001 rc\3971798
005 20260408083048.0
021 _aRU
_b[56-40645]
035 _a(NLR Aleph) 008056556
090 _a8975644
_c8975644
100 _a20130415d1956 |||y0rusy50 ca
101 0 _arus
102 _aRU
105 _aa z |||||
200 1 _aИнструкция по проектированию и расчету виброизоляции машин с динамическими нагрузками и оборудования, чувствительного к вибрациям (И204-55/МСПМХП)
_fРазраб. Центр. науч.-исслед. ин-том пром. сооружений ЦНИПС
_gМ-во строительства предприятий металлург. и хим. пром-сти СССР. Техн. упр.
210 _aМосква
_cГосстройиздат
_d1956
215 _a55 с.
_cчерт.
_d20
606 _aМашины
_xВиброизолирующие основания
_xРасчет
_2psbo
712 0 1 _aСССР
_bМинистерство строительства предприятий металлургической и химической промышленности
_bТехническое управление
_3RU\NLR\AUTH\8810164632
_9825313
801 0 _aRU
_bNLR
_gpsbo
801 1 _aRU
_bELAR
_2rusmarc
852 _aNLR
_jПт 80/35-204
942 _cBOOK
980 _aNB